| 000 | 02872cam a2200313 a 4500 | ||
|---|---|---|---|
| 003 | EG-GiCUC | ||
| 005 | 20250223032139.0 | ||
| 008 | 181225s2018 ua f m 000 0 ara d | ||
| 040 |
_aEG-GiCUC _bara _cEG-GiCUC |
||
| 041 | 0 | _aara | |
| 049 | _aايداع | ||
| 097 | _aماجستير | ||
| 099 | _aCai01.06.07.M.Sc.2018.كر.ع | ||
| 100 | 0 | _aكريمة سعد الله عبدالجواد عمر | |
| 245 | 1 | 2 |
_aالعدول فى المأثورات النثرية القديمة : _bبنيةً و تركيبًا / _cكريمة سعد الله عبدالجواد عمر ؛ إشراف مصطفى أحمد عبدالعليم |
| 260 |
_aالقاهرة : _bكريمة سعد الله عبدالجواد عمر : _c2018 |
||
| 300 |
_a270 ورقة ؛ _c30سم |
||
| 502 | _aاطروحة (ماجستير) - جامعة القاهرة - كلية دار العلوم - قسم النحو و الصرف و العروض | ||
| 520 | _aجاءت هذه الدراسة فى المأثورات النثرية تحت عنوان العدول فى المأثورات النثرية القديمة بنيةً و تركيبًا" و شملت: (الأقوال المأثورة :الخطب:الرسائل: الأمثال) بالبحث فى بنيتها النحوية من (تقديم و تأخير: و حذف) : و البنية الصرفية (التذكير و التأنيث: و الإفراد و التثنية و الجمع: و التعريف و التنكير و الأصوات). و تم اختيار المنهج الوصفى التحليلى الذى يدرس الظاهرة و يقف على أسباب ظهور نمط العدول. و هذه الدراسة جاءت مكملة لدراساتٍ سابقة لها. أهم النتائج التطبيقية التى تم التوصل إليها: تتفق كتب النحو و الصرف و التفسير و البلاغة على دلالة واحدة لمادة (عدل) و هى: التحول و الانصراف عن الشىء و تركه إلى غيره. و العدول فى اللغة سمة أسلوبية يتميز بها البليغ من القول: و قد ظهرت بكثرة فى المأثورات النثرية بشكل واضح: و كذلك بأشكاله و صوره المتنوعة. العدول فى اللغة لا يكون عبثًا: و إنما لغاية و دلالة بينة: خاصة فى المستوى الفنى: فلا يحدث القصد إلا من خلال مجىء التركيب على ما جاء به من أشكال العدول | ||
| 530 | _aصدر ايضا كقرص مدمج | ||
| 653 | 4 | _aالأقوال المأثورة | |
| 653 | 4 | _aالعدول | |
| 653 | 4 | _aالمأثورات | |
| 700 | 0 |
_aمصطفى أحمد عبدالعليم : _eمشرف |
|
| 856 | _uhttp://172.23.153.220/th.pdf | ||
| 905 |
_aNazla _eRevisor |
||
| 905 |
_aSamia _eCataloger |
||
| 942 |
_2ddc _cTH |
||
| 999 |
_c69261 _d69261 |
||